| 000 | 00000nam##2200000za#4500 |
| 001 | 9.642143 |
| 003 | CaOODSP |
| 005 | 20210624223547 |
| 007 | cr ||||||||||| |
| 008 | 150407|1998||||xxc|||||o f|0| 0 fre|d |
| 040 | |aCaOODSP|bfre |
| 043 | |an-cn--- |
| 086 | 1 |aRH64-88/1998F-PDF |
| 110 | 1 |aCanada.|bDéveloppement des ressources humaines Canada. |bPolitique stratégique. |
| 245 | 10|aInitiatives stratégiques - évaluation sommative du Programme Emploi/Travail autonome pour les diplômés - Terre-Neuve / |h[ressource électronique]|c[par] Évaluation et développement des données. |
| 260 | |aOttawa - Ontario : |bDéveloppement des ressources humaines Canada. |cMars 1998. |
| 300 | |a71p.|btableaux |
| 590 | |a13-16-Supp|b2013-07-12 |
| 775 | 08|tStrategic initiatives - summative evaluation of the Graduate Employment / Self-Employment Program - Newfoundland / |w(CaOODSP)9.698150 |
| 856 | 40|ahttp://publications.gc.ca|qPDF|s620 Ko|uhttps://publications.gc.ca/collections/collection_2013/rhdcc-hrsdc/RH64-88-1998-fra.pdf |
| 986 | |aSP-AH-124-03-98F |